Laboratory Experiments for the Engineering Student (Record no. 544833)
[ view plain ]
| 000 -LEADER | |
|---|---|
| fixed length control field | 00405nam a22001337a 4500 |
| 082 ## - DEWEY DECIMAL CLASSIFICATION NUMBER | |
| Classification number | 620.002 |
| Author Mark | THR |
| -- | L-13, P-32 |
| 100 ## - MAIN ENTRY--PERSONAL NAME | |
| Personal name | Threlfall, H. |
| 9 (RLIN) | 40572 |
| 245 ## - TITLE STATEMENT | |
| Title | Laboratory Experiments for the Engineering Student |
| Statement of responsibility, etc. | Threlfall, H. |
| 260 ## - PUBLICATION, DISTRIBUTION, ETC. | |
| Place of publication, distribution, etc. | London |
| Name of publisher, distributor, etc. | Chapman & Hall |
| Date of publication, distribution, etc. | c1925. |
| 300 ## - PHYSICAL DESCRIPTION | |
| Extent | v, 78 p. : |
| Other physical details | ill. : |
| Dimensions | 16 cm. |
| 526 ## - STUDY PROGRAM INFORMATION NOTE | |
| Program name | 0 |
| Interest level | 0 |
| Reading level | 0 |
| Title point value | 620_002000000000000_THR |
| 650 ## - SUBJECT ADDED ENTRY--TOPICAL TERM | |
| Topical term or geographic name entry element | MCE |
| 9 (RLIN) | 379 |
| 942 ## - ADDED ENTRY ELEMENTS (KOHA) | |
| Source of classification or shelving scheme | |
| Koha item type | Book |
| Withdrawn status | Lost status | Source of classification or shelving scheme | Damaged status | Not for loan | Permanent Location | Current Location | Date acquired | Total Checkouts | Full call number | Barcode | Date last seen | Date last checked out | Price effective from | Koha item type |
|---|---|---|---|---|---|---|---|---|---|---|---|---|---|---|
| Military College of Engineering (MCE) | Military College of Engineering (MCE) | 05/12/2014 | 1 | 620.002 THR | MCE-29916 | 05/13/2014 | 05/13/2014 | 05/12/2014 | Book |
